000 00848nam a2200205 i 4500
001 180357
003 ES-MaACL
005 20251114063127.0
008 120530s1976 sp |||| | spa d
080 _a618.15-072.1(043.2)
100 1 _aPuig-Tintoré, L. María,
_d1937-
_9150200
245 1 0 _aSignificado de la imagen colposcópica de orificios glandulares blancos
_b: su correlación citológica anátomo-patológica /
_cLuis Mª Puig Tintore.
260 _aBarcelona :
_bUniversidad de Barcelona, Secretariado de Publicaciones, Intercambio Científico y Extensión Universitaria,
_c1976.
300 _a20 p. :
_bgrab. ;
_c24 cm.
502 _aTesis-Universidad Barcelona (Extracto)
650 4 _aColposcopia.
_9150201
710 2 _aUniversidad de Barcelona.
_97141
852 _aES-MaACL
_jE-15361(184)
999 _c180357
_d180357